| 000 | 01846cam a22004934i 4500 | ||
|---|---|---|---|
| 003 | PE-LiUPU | ||
| 005 | 20250731173028.0 | ||
| 008 | 150623s r 000 0 d | ||
| 020 | _a0891099093 | ||
| 035 | _a(Sirsi) i9780891099093 | ||
| 040 |
_aPE-LiUPU _bspa _cPE-LiUPU _erda |
||
| 049 | _aPRUA | ||
| 082 | 0 | 4 |
_a231 _bM12 _221 |
| 100 | 1 |
_aMcCullough, Donald W., _d1949-, _eautor. |
|
| 245 | 1 | 4 |
_aThe trivialization of God : _bthe dangerous illusion of a manageable deity / _cDonald W. McCullough. |
| 264 | 1 |
_aColorado Springs, Colorado : _bNavpress Publishing Group, _c1995. |
|
| 300 |
_a172 páginas ; _c24 centímetros |
||
| 336 |
_atext _2rdacontent |
||
| 337 |
_aunmediated _2rdamedia |
||
| 338 |
_avolume _2rdacarrier |
||
| 504 | _aIncluye bibliografía. | ||
| 505 | 0 | _aThe trivialization of God. -Apantheon of deities. -In the temple of idols. -In praise of agnosticism. -The self-revelation of God. -Consuming fire. -Conversion into community. -Commnity of worship. -Community of the world. -Community of love. | |
| 526 | _aSEG42 | ||
| 526 | _aSEG41 | ||
| 526 | _aSEG40 | ||
| 526 | _aSEG39 | ||
| 526 | _aP94 | ||
| 526 | _aP87 | ||
| 526 | _aP86 | ||
| 526 | _aP85 | ||
| 526 | _aP77 | ||
| 526 | _aP76 | ||
| 526 | _aP35 | ||
| 650 | 0 | 4 |
_aApocalipsis _xCristianismo. _9828 |
| 650 | 0 | 4 |
_aDios (Cristianismo). _91578 |
| 650 | 0 | 4 | _aPalabra de Dios (Teología cristiana). |
| 650 | 0 | 4 | _aVida cristiana. |
| 942 |
_2ddc _cBOOK |
||
| 949 |
_a231 M12 _wDEWEY _c1 _i48054 _lCCODEBUL1 _mBUL _r0 _sY _tBOOK _u2015-6-24 _xTEOLOGIA _PP35 _0COMPRA _o.STAFF. Colección General |
||
| 994 |
_aC0 _bPEPRU |
||
| 596 | _a1 | ||
| 999 |
_a231 M12 _wDEWEY _c24730 _i48054 _f2021-11-9 _g5 _lCCODEBUL1 _mBUL _q1 _r0 _sY _tBOOK _u2015-6-24 _xTEOLOGIA _PP35 _0COMPRA _o.STAFF. Colección General _d24730 |
||
| 980 |
_81 _gALBERTO SANCHEZ Responsable de Automatización |
||